00537nam a22001932 450000100060000000300080000600500170001400800390003103500190007004000270008904100080011608200200012410000260014424500490017026000370021930000260025650000210028265000400030318497BD-RjUL20211209000308.0140227s1955 nyu 000 1 eng a(BD-RjUL)18555 aDLCcIRUdBD-RjULbeng aeng00a811.5bSPW 19551 aSpikes, Henry,d1907-10aWe are the ones who work /cby Henry Spikes. aNew York :bComet Press,cc1955. a224 p. ;c24 x 31 cm. aPoems and prose. 0aAmerican literaturey20th century.